Plan integral de cambio climático del Departamento del Chocó: (Registro nro. 20233)

Detalles MARC
000 -CABECERA
Campo de control 00701nam a22002057a 4500
005 - FECHA Y HORA DE LA ULTIMA TRANSACCION
Campo de control 20191224042349.0
008 - ELEMENTOS DE LONGITUD FIJA—INFORMACION GENERAL
Campo de control 180608b2015 ck o||||q||||o00| 0 spa d
020 ## - ISBN
ISBN 9789589539613
040 ## - FUENTE DE CATALOGACIÓN
Agencia catalogadora original CO-BoIAVH
Agencia transcriptora CO-BoIAVH
041 ## - IDIOMA
Código de idioma para texto/pista de sonido o título separado Español
044 ## - PAÍS DE PUBLICACIÓN
País de publicación Colombia
082 14 - NUMERO DE CLASIFICACION DECIMAL DEWEY
Número de clasificación 304.25
Número del ítem I25p
110 2# - ASIENTO PRINCIPAL--NOMBRE CORPORATIVO
Nombre corporativo o de jurisdicción como elemento de entrada Instituto de Investigaciones Ambientales del Pacífico
9 (RLIN) 12562
245 10 - MENCION DE TITULO
Título Plan integral de cambio climático del Departamento del Chocó:
Parte restante del título (PICC - Chocó)
260 ## - PUBLICACION, DISTRIBUCION, ETC. (PIE DE IMPRENTA)
Lugar de publicación, distribución, etc. Quibdó:
Nombre del editor, distribuidor, etc. Instituto de Investigaciones Ambientales del Pacífico,
Fecha de publicación, distribución, etc. 2015.
300 ## - DESCRIPCION FISICA
Extensión 209 páginas,
Otros detalles físicos tablas, mapas a color
650 14 - ASIENTO SECUNDARIO DE MATERIA - TERMINO TEMATICO
Término temático o nombre geográfico como elemento de entrada Cambio climático
9 (RLIN) 98479
651 ## - ASIENTO SECUNDARIO DE MATERIA - NOMBRE GEOGRAFICO
Nombre geográfico Colombia
Subdivisión geográfica Chocó
9 (RLIN) 91530
942 ## - ELEMENTOS ADICIONALES (KOHA)
Sistema de clasificación Dewey Decimal Classification
Tipo de ítem Libro
Existencias
Withdrawn status Lost status Sistema de Clasificación Damaged status No para préstamo Colección Ubicación Permanente Ubicación actual Fecha de adquisición Fuente de Valor Valor Total Checkouts Número topográfico Inventario / Código de Barras Date last seen Ejemplar Price effective from Forma de adquisición Tipo de material
    Dewey Decimal Classification     General Bogotá Bogotá 08/06/2018 Instituto 30000.00   LB-304.25 I25p 043562 08/06/2018 Ej. 1 08/06/2018 Canje Libro
    Dewey Decimal Classification     General Bogotá Bogotá 08/06/2018 Instituto 30000.00   LB-304.25 I25p 043563 08/06/2018 Ej. 2 08/06/2018 Canje Libro